000 01115cam a22003377a 4500
003 CHAP
005 20220817044049.0
008 051118d2004 mx r 00110 spa d
010 _a91347
011 _a92319
035 _a102883
040 _cCHAP
082 0 4 _a338.972
_bT35
110 2 _aTamaulipas. Gobierno del Estado
_9111537
245 1 0 _aMatamoros en cifras :
_banálisis del desempeño socioeconómico
_c/por Gobierno del Estado
260 _aMatamoros, Tamps. :
_bGobierno municipal,
_c2004.
300 _a90 p. :
_bgráfs.
590 _aBATCH-UPD
_b10
_c20130110
_lUCH01
_h1028
590 _aBATCH-UPD
_b10
_c20130410
_lUCH01
_h0632
590 _aBATCH-UPD
_b10
_c20130914
_lUCH01
_h1017
590 _aCONVERSION
_b10
_c20130109
_lUCH01
_h1351
650 1 4 _aComercio internacional.
_925641
650 1 4 _aDesarrollo económico.
650 1 4 _aEmpleo.
_936545
650 1 4 _aTamaulipas
_xCondiciones económicas.
_9111522
650 1 4 _aTamaulipas
_xCondiciones sociales.
_9111524
901 _aBK
905 _aLilia
942 _cLIBRO
949 _a338.972 T35
_bBC
_cC
_d33724000970091
_eC
_h107525
_i102883
_sb
999 _c91347
_d91347